000 01351nam a2200337 c 4500
999 _c347355
_d347355
003 BLK
005 20250715102235.0
008 180411b bul|||||r ||||||| ||bul||
010 _aKNG00189142000
020 _a9786191611713
040 _aBLK
041 _aBUL
_cBUL
072 7 _2bullib
_aН83
_xЧужда художествена литература Н
080 _aРуска литература
_b821.161.1
_x-31
_z821.161.1-31
100 1 _aБушков, Александър Александрович
_eпърви автор
_944263
139 _aБушков, Александър Александрович
_bБ 90
245 1 0 _aВълчата глутница
_bРоман
_cАлександър Александрович Бушков; прев. от рус. Мариян Петров
257 _aRUS
260 _bПерсей
_c2019
300 _a480 с.
_c20 см
380 _aX
500 _aОриг. загл. Волчья стая / Александр Бушков
700 _aПетров, Мариян Петров
_eпрев. от рус.
_9257333
852 _bП
_cП 886.7-31/Б 90
856 4 _qpdf
856 4 _qpdf
942 _cKNG
_n0
_053
_s1
944 _aCR
_c12.07.2016
_k30576
_lЦветомила Тодорова
944 _aED
_c04.01.2018
_kПенка_Димитрова
999 _d180291